Comments on U.P. police regulations (Record no. 436915)

000 -LEADER
fixed length control field 00350cam a22001217a 4500
008 - FIXED-LENGTH DATA ELEMENTS--GENERAL INFORMATION
fixed length control field 180718b xxu||||| |||| 00| 0 eng d
082 ## - DEWEY DECIMAL CLASSIFICATION NUMBER
Classification number N403x5421 Sa29
100 ## - MAIN ENTRY--PERSONAL NAME
Personal name Saxena, R.N.
245 ## - TITLE STATEMENT
Title Comments on U.P. police regulations
Statement of responsibility, etc. by R.N. Saxena
260 ## - PUBLICATION, DISTRIBUTION, ETC.
Place of publication, distribution, etc. Allahabad
Name of publisher, distributor, etc. Central Law Agency
Date of publication, distribution, etc.
300 ## - PHYSICAL DESCRIPTION
Extent 208p.
650 ## - SUBJECT ADDED ENTRY--TOPICAL TERM
Topical term or geographic name entry element Police --India --Uttar Pradesh
Holdings
Withdrawn status Lost status Damaged status Not for loan Permanent Location Current Location Date acquired Full call number Barcode Date last seen Price effective from Koha item type
        Indian Institute of Public Administration Indian Institute of Public Administration 2010-03-12 N403x5421 Sa29 30549 2018-07-21 2018-07-21 Book

Powered by Koha